[Event "32nd Reykjavik Open 2017"]
[Site "Reykjavik"]
[Date "2017.04.24"]
[Round "7"]
[White "Friedel, Joshua E"]
[Black "Thorfinnsson, Bjorn"]
[Result "1-0"]
[WhiteElo "2524"]
[BlackElo "2413"]
[Annotator "TA"]
[PlyCount "91"]
[EventDate "2017.??.??"]
[EventType "swiss"]
[EventCountry "ISL"]
[SourceTitle "playchess.com"]
[Source "ChessBase"]
[SourceQuality "1"]

{[%evp 17,91,49,73,76,76,49,67,68,70,72,83,87,91,88,104,100,131,115,154,151,153,150,177,196,171,154,241,246,235,217,200,126,121,120,130,131,127,126,139,128,127,120,119,126,142,106,158,148,249,243,271,271,264,249,249,233,237,245,240,168,247,186,176,167,169,168,177,178,177,172,169,187,963,925,881,867]} 1. e4 e5 2. Nf3 Nc6 3. Bb5 f5 4. d3 fxe4 5. dxe4 Nf6 6. O-O Bc5 7. Bxc6 bxc6 8. Nxe5 O-O 9. Nc3 Ba6 {LiveBook: 7 Games. C63: Ruy Lopez: Schliemann/Jaenisch Defence} (9... d6 10. Na4 Qe8 11. Nxc5 Qxe5 12. Nd3 Qxe4 13. f3 Qd4+ 14. Nf2 Qb6 15. b3 Ba6 16. Re1 Rae8 17. Rxe8 Rxe8 {0-1 (69) Borisek,J (2561)-Radjabov,T (2710) Doha 2016}) 10. Nd3 Bd4 11. e5 Bxc3 {White is slightly better.} 12. bxc3 Nd5 13. Qg4 $146 (13. Bd2 Qh4 14. f4 d6 15. Rf3 Qh5 16. Qe1 Rae8 17. Qe4 Bxd3 18. cxd3 dxe5 {1-0 (35) Nakar,E (2402)-Tseitlin,M (2380) Israel 2013}) 13... Qe7 14. Bd2 Nb6 15. a4 {[%cal Ba2a4,Ba4a5][%mdl 32]} Rae8 16. Rfe1 Qf7 {Threatens to win with ...Bxd3.} 17. Qd4 Bc4 18. a5 Nc8 19. Re4 $1 Bd5 20. Rf4 Qe7 21. Rxf8+ Rxf8 (21... Qxf8 $16 22. c4 Be6) 22. c4 $18 Be6 23. Bb4 d6 24. Re1 c5 25. exd6 cxd6 26. Qe4 {And now Bxc5 would win.} Re8 27. Bc3 Qd7 28. Rb1 Bf7 29. Qf3 Ne7 30. Rb7 $40 {[%mdl 128] White has strong attack.} Qa4 31. Nf4 Nf5 {[#]} (31... Qxc4 $142 32. Nh5 (32. Rxa7 d5 $14) 32... Bxh5 33. Qxh5 Rf8 34. Rxe7 Qxc3 35. Qd5+ Kh8) 32. h3 $1 $16 {Black must now prevent Nh5.} ({And not} 32. g4 Nh4 33. Qd3 Qc6 34. Rxf7 (34. Rxa7 $2 Nf3+ 35. Kg2 Ne1+ 36. Kg3 Nxd3 $19) 34... Nf3+ 35. Kh1 (35. Kf1 $2 Nd2+ 36. Kg1 Re1+ 37. Qf1 Rxf1#) 35... Ne5+ 36. Nd5 Nxf7 $15) 32... Qxc4 (32... Qxc2 $16 {might work better.} 33. Nd5 Qe4) 33. Rxa7 $18 Nh4 34. Qg3 $1 {[%csl Gc3,LRg7,LRh4][%cal Rg3g7]} Nf5 {[#]} 35. Qg5 $1 {[%cal Rg5f5]} ({Resist} 35. Qf3 $6 Nh4 36. Qg3 Nf5 $18) 35... Qxc3 36. Qxf5 Qf6 37. Qxf6 gxf6 {[%mdl 4096] Endgame KRB-KRN} 38. Rd7 Re1+ 39. Kh2 Ra1 40. Rxd6 Rxa5 41. Rxf6 Ra2 42. g4 Rxc2 43. Kg3 Rc3+ 44. f3 Bg6 $2 (44... Kf8 45. Rc6 c4 46. Rc8+ Ke7 47. Rc7+ Kf8 48. Rc8+ Ke7 49. Rc7+ Kf8 50. Rc8+) 45. Nxg6 Kg7 46. Ne7 1-0

[Event "32nd Reykjavik Open 2017"]
[Site "Reykjavik"]
[Date "2017.04.24"]
[Round "7"]
[White "Bailet, Pierre"]
[Black "Sarkar, Justin"]
[Result "1/2-1/2"]
[WhiteElo "2510"]
[BlackElo "2390"]
[Annotator "TA"]
[PlyCount "125"]
[EventDate "2017.??.??"]
[EventType "swiss"]
[EventCountry "ISL"]
[SourceTitle "playchess.com"]
[Source "ChessBase"]
[SourceQuality "1"]

{[%evp 13,125,32,46,43,38,49,55,55,55,38,36,37,54,64,66,68,67,62,56,-2,0,0,0,0,0,0,0,-6,0,0,4,3,22,10,24,27,26,59,37,40,45,8,31,33,33,33,33,47,40,22,28,20,20,20,20,20,21,4,0,0,6,0,4,0,16,0,21,18,18,13,28,28,28,28,28,28,28,28,28,28,49,28,28,13,13,13,28,28,28,28,28,16,28,28,28,16,28,28,28,28,28,16,28,16,28,12,12,12,12,12,12,12,12,8]} 1. Nf3 Nf6 2. c4 g6 3. Nc3 Bg7 4. e4 c5 5. d4 Qa5 6. Bd2 cxd4 7. Nxd4 Nc6 8. Nb3 {A40: Unusual replies to 1 d4} Qd8 9. Be2 O-O 10. O-O {White is slightly better.} d6 11. f3 $146 (11. Be3 a5 12. Nd4 Nxd4 13. Bxd4 Bd7 14. Qd2 Bc6 15. f3 Nd7 {½-½ (28) Czarnota,P (2545)-Cyborowski,L (2560) Warsaw 2012}) 11... Nd7 12. Rc1 Nc5 13. Be3 Nxb3 14. axb3 f5 15. exf5 Bxf5 16. c5 ({White should try} 16. Qd2 $14) 16... dxc5 $11 17. Bc4+ Kh8 18. Bxc5 Qa5 19. b4 Nxb4 20. Bxe7 Rfe8 21. Qd6 {[#] Hoping for Ra1.} Nc6 22. Bf6 {next Nd5 is good for White.} Qb6+ 23. Kh1 Qb4 24. Nb5 Qxd6 25. Bxg7+ Kxg7 26. Nxd6 Re7 27. g4 (27. Kg1 $5 {is more complex.} Ne5 28. Bb3 Rd8 29. Rfd1 Bd3 30. Nc8) 27... Be6 28. Bxe6 Rxe6 29. Nxb7 Rb8 30. Nc5 Re2 31. Nd3 Nd4 32. Rc7+ Kg8 33. Rd7 Ne6 34. Re7 Rd8 35. Re1 (35. Nc1 $5 {is interesting.} Rxb2 36. Rxe6 Rdd2 37. Re2 Rxe2 38. Nxe2 Rxe2 39. Ra1) 35... Rxe1+ 36. Nxe1 {[%mdl 4096] Endgame KRN-KRN} Nf4 37. h4 ({Not} 37. Rxa7 Rd1 38. h4 Rxe1+ 39. Kh2 Nd3 40. Ra8+ Kf7 $17) 37... a5 38. Re4 Nd3 39. Re2 Nxe1 (39... Nf4 $5 {with more complications.} 40. Re5 Rd2 41. b3 Rd1 42. Kh2 Rd2+) 40. Rxe1 {KR-KR} Rd3 41. Rf1 Rd2 42. Ra1 Rxb2 43. Rxa5 Kg7 44. Ra7+ Kg8 45. Kg1 Rc2 46. Re7 Rb2 47. Re1 Kf7 48. Rf1 h5 49. Rf2 Rb1+ 50. Kg2 hxg4 51. fxg4+ Kg7 52. Kg3 Rb3+ 53. Rf3 Rb4 54. Ra3 Kf7 55. Ra7+ Kf8 56. Kf3 Rc4 57. Ra3 Kf7 58. Re3 Kf6 59. Re4 Rc3+ {The position is equal.} 60. Kf4 g5+ 61. hxg5+ Kg6 62. Re6+ Kg7 63. g6 1/2-1/2

[Event "32nd Reykjavik Open 2017"]
[Site "Reykjavik"]
[Date "2017.04.24"]
[Round "7"]
[White "Perelshteyn, Eugene"]
[Black "Piasetski, Leon"]
[Result "1-0"]
[WhiteElo "2509"]
[BlackElo "2300"]
[Annotator "TA"]
[PlyCount "69"]
[EventDate "2017.??.??"]
[EventType "swiss"]
[EventCountry "ISL"]
[SourceTitle "playchess.com"]
[Source "ChessBase"]
[SourceQuality "1"]

{[%evp 12,69,37,12,14,16,17,28,78,73,93,57,98,66,58,55,88,68,60,-8,0,-37,-30,-20,0,-13,56,42,62,8,21,16,11,-13,39,38,34,18,22,20,289,137,1394,537,823,820,2073,2008,1988,1942,29990,29991,29991,29992,29996,29997,29997,29997,29997,29998]} 1. e4 g6 2. d4 Bg7 3. Nc3 d6 4. Be3 a6 5. Nf3 b5 6. Bd3 Bb7 7. e5 {LiveBook: 17 Games. B06: Modern Defence} c5 $146 (7... Nd7 8. e6 fxe6 9. Ng5 Nf8 10. O-O Nf6 11. f3 Nd5 12. Nxd5 exd5 13. Qe2 Qd7 14. f4 Ne6 15. Nxe6 Qxe6 {0-1 (35) Najer,E (2658)-Malakhov,V (2694) Moscow 2015}) 8. e6 {[#] Be4 is the strong threat.} fxe6 9. dxc5 {The position is equal.} Bxc3+ 10. bxc3 Nf6 11. O-O Nbd7 12. cxd6 exd6 13. Bh6 Nc5 14. Re1 Qd7 15. c4 (15. Bf1 $14) 15... Ng4 $11 16. Bf4 O-O $36 {[%mdl 2048] Black is more active.} 17. Bg3 e5 {Strongly threatening ...e4.} 18. Bf1 Rae8 (18... Nf6 $11) 19. cxb5 $14 axb5 20. Nd2 ({Better is} 20. Qd2 $14) 20... Nf6 $11 21. c4 {[%cal Bc2c4,Bc4c5][%mdl 32]} b4 22. Rb1 Ra8 (22... Nh5 $11) 23. Rxb4 $14 Rxa2 24. Nb3 Nce4 25. c5 {Threatens to win with cxd6.} Nxf2 $2 {[%mdl 8192] [#]} (25... Bc6 $11) 26. Qxd6 ({Less strong is} 26. Bxf2 Rxf2 27. Bc4+ (27. Kxf2 Nd5+ 28. Kg1 Nxb4 29. Bc4+ d5 $17) (27. Qxd6 Bd5 28. Qxd7 Nxd7 $11) (27. Na5 Rxf1+ 28. Rxf1 Ba6 29. Qb3+ Kg7 $14) 27... d5 28. Kxf2 dxc4 29. Qxd7 (29. Rxc4 $2 Qc6 30. Rg1 Qb5 $19) 29... Nxd7+ 30. Kg1 cxb3 31. Rxb7 Nxc5 $16) (26. Qb1 $1 $18 {[%cal Rb1a2] is the precise move to win.} Nd3 27. Qxd3) 26... Qc8 $2 {[%mdl 8192]} (26... Bd5 $16) 27. Bxe5 (27. Bc4+ $142 Kg7 28. Qe7+ Kh6 29. Rxb7) 27... N2g4 28. Bc4+ ({And not} 28. Qe7 Rf7 29. Bxf6 Rxe7 30. Rxe7 Nxf6 $11) 28... Kg7 29. Qe7+ Kh6 30. Rxb7 Nxe5 31. Qg7+ {White mates.} Kg5 32. Rxe5+ Kf4 33. Qh6+ Kxe5 34. Re7+ Kf5 35. Nd4+ 1-0

[Event "32nd Reykjavik Open 2017"]
[Site "Reykjavik"]
[Date "2017.04.24"]
[Round "7"]
[White "Firat, Burak"]
[Black "Nebolsina, Vera"]
[Result "1-0"]
[WhiteElo "2503"]
[BlackElo "2285"]
[Annotator "TA"]
[PlyCount "65"]
[EventDate "2017.??.??"]
[EventType "swiss"]
[EventCountry "ISL"]
[SourceTitle "playchess.com"]
[Source "ChessBase"]
[SourceQuality "1"]

{[%evp 16,65,30,42,40,27,53,47,69,58,68,50,44,45,56,14,84,20,27,23,39,-25,-28,-59,-67,-59,-11,-11,-14,-16,-10,-61,-16,-26,-35,-52,244,225,563,608,600,587,1039,526,517,504,680,583,29988,29989,29989,5714]} 1. d4 Nf6 2. c4 g6 3. Nc3 d5 4. Nf3 Bg7 5. cxd5 Nxd5 6. e4 Nxc3 7. bxc3 c5 8. Be3 Nc6 9. Rc1 cxd4 {D85: Exchange Grünfeld: Unusual White 7th moves and lines with 7 Nf3} 10. cxd4 {[%cal Bc3d4,Bd4d5][%mdl 32]} Qa5+ (10... e6 11. Bc4 O-O 12. O-O Na5 13. Bd3 b6 14. h4 Bb7 15. h5 f5 16. e5 gxh5 17. Ng5 {1-0 (42) Bukavshin,I (2618)-Inarkiev,E (2706) Moscow 2015}) 11. Bd2 Qd8 {White is slightly better.} 12. d5 Ne5 $1 13. Nxe5 Bxe5 14. Bc4 Qd6 15. O-O $146 (15. g3 Bh3 16. f4 Bd4 17. Qa4+ {1-0 (38) Popov,V (2561)-Nestorovic,N (2415) Budva 2009}) 15... Bxh2+ 16. Kh1 {Hoping for f4.} Bf4 $1 17. Bb5+ Kf8 18. Bc3 (18. Bxf4 $14 Qxf4 19. Qd4) 18... g5 $11 {( -> ...Qh6+)} (18... Bxc1 19. Qxc1 (19. Bxh8 Bf4 20. Bd4 Kg8 $15) 19... f6 {[#]} 20. e5 $1 {[%mdl 512]} Qxd5 21. exf6 $18) 19. Qh5 Rg8 {White must now prevent ...Rg6.} 20. Kg1 Bxc1 21. Rxc1 a6 22. Ba4 b5 23. Bb3 $1 Bd7 {Black wants to play ...Qg6.} 24. e5 Qg6 25. Qe2 Rc8 $2 {[%mdl 8192]} (25... g4 $1 $15 26. e6 fxe6) 26. e6 $40 {[%mdl 128] White attacks with force.} fxe6 $2 (26... Bxe6 {is more resistant.} 27. dxe6 f6) 27. dxe6 Bc6 28. Bb2 {Threatens to win with Rxc6!} Qf5 29. Qd2 {aiming for Rxc6!} Qe4 {[%csl Gc6][%cal Re4g2] [#]} 30. Bd5 $1 {[%mdl 512]} ({Weaker is} 30. Qd5 Qxd5 31. Bxd5 Rg6 $14) 30... Qf4 (30... Bxd5 31. Rxc8#) 31. Qd3 ({Not} 31. Rxc6 Rxc6 32. Qxf4+ gxf4 $16) 31... Bb7 32. Rxc8+ Bxc8 33. Qc2 (33. Qxh7 $142 b4 34. g3 a5 35. gxf4 gxf4+ 36. Kh1 Rg1+ 37. Kxg1 Bxe6 38. Bxe6 f3 39. Qh8#) 1-0

[Event "32nd Reykjavik Open 2017"]
[Site "Reykjavik"]
[Date "2017.04.24"]
[Round "7"]
[White "Panchanathan, Magesh Chandran"]
[Black "Vidit, Santosh Gujrathi"]
[Result "0-1"]
[WhiteElo "2494"]
[BlackElo "2670"]
[Annotator "TA"]
[PlyCount "58"]
[EventDate "2017.??.??"]
[EventType "swiss"]
[EventCountry "ISL"]
[SourceTitle "playchess.com"]
[Source "ChessBase"]
[SourceQuality "1"]

{[%evp 16,58,-39,-50,-38,-37,-41,-39,-41,-31,-21,-41,-38,-60,-64,-72,-84,-57,-26,-112,-98,-120,-121,-99,-105,-108,-111,-98,-106,-198,-191,-218,-221,-222,-215,-245,-206,-267,-256,-266,-260,-249,-254,-248,-233]} 1. d4 Nf6 2. g3 c5 3. Nf3 cxd4 4. Nxd4 d5 5. Bg2 e5 6. Nb3 Be6 {D02: 1 d4 d5 2 Nf3 sidelines, including 2...Nf6 3 g3 and 2...Nf6 3 Bf4} 7. O-O Be7 8. Bg5 Nbd7 9. Nc3 {LiveBook: 5 Games} Rc8 $146 (9... h6 10. Bd2 O-O 11. Rc1 Qb6 12. e4 dxe4 13. Nxe4 Nxe4 14. Bxe4 {1-0 (42) Lewtak,D (2301)-Kovalenko,I (2661) Katowice 2015}) 10. e3 h6 11. Bxf6 $1 Nxf6 12. Qe2 Qb6 13. Rfd1 {[%cal Rc3d5]} e4 14. a4 a6 15. a5 Qc7 16. Nd4 Bd7 17. f3 (17. Qe1 $11) 17... Bb4 $17 18. fxe4 Bxc3 19. bxc3 dxe4 {Hoping for ...Bg4.} ({Reject} 19... Nxe4 $6 20. Bxe4 dxe4 21. Rab1 $15) 20. Rf1 Qxc3 21. Rab1 Rc7 22. Rf4 (22. Rxf6 $17 {was worth a try.} gxf6 23. Bxe4) 22... O-O $19 ({Don't do} 22... Qxa5 23. Bxe4 O-O 24. Rxb7 $17) 23. Bxe4 Nxe4 ({Much less strong is} 23... Qxa5 24. Rxb7 Rxb7 25. Bxb7 $17) 24. Rxe4 Qxa5 25. Qf3 Qd5 26. Qf4 {[#]} Rxc2 $1 {[%mdl 512]} 27. Nxc2 {Threatens to win with Rd4.} Bc6 28. Rbb4 f5 {[%cal Bf7f5,Bf5e4][%mdl 1056] Black has strong compensation.} 29. Rbd4 fxe4 0-1

[Event "32nd Reykjavik Open 2017"]
[Site "Reykjavik"]
[Date "2017.04.24"]
[Round "7"]
[White "Praggnanandhaa R"]
[Black "Beliavsky, Alexander G"]
[Result "1/2-1/2"]
[WhiteElo "2447"]
[BlackElo "2597"]
[Annotator "TA"]
[PlyCount "78"]
[EventDate "2017.??.??"]
[EventType "swiss"]
[EventCountry "ISL"]
[SourceTitle "playchess.com"]
[Source "ChessBase"]
[SourceQuality "1"]

{[%evp 19,78,0,11,11,12,12,6,0,125,127,140,91,120,88,80,79,84,84,76,73,104,103,104,92,85,93,134,103,119,105,121,91,178,174,189,133,165,34,51,44,45,49,85,77,78,0,76,0,0,0,60,0,0,0,0,0,0,0,0,0,12]} 1. e4 e5 2. Nf3 Nc6 3. Bc4 Nf6 4. d3 Bc5 5. O-O d6 6. c3 a6 7. Bb3 Ba7 8. Nbd2 O-O 9. h3 Be6 10. Bc2 {C54: Giuoco Piano: 4 c3 Nf6, main lines with 5 d4 and 5 d3} (10. Re1 Re8 11. Nf1 h6 12. Bc2 d5 13. exd5 Qxd5 14. Ng3 Rad8 15. Bd2 Qd6 16. Qc1 Nd5 17. d4 exd4 18. Bxh6 Ne3 19. fxe3 d3 {0-1 (35) Ponomariov,R (2709)-Anton Guijarro,D (2650) Tallinn 2016}) 10... d5 {LiveBook: 16 Games} 11. exd5 Qxd5 12. Re1 Rad8 13. Qe2 {[%cal Rf3e5]} Bc8 $146 {[#]} (13... h6 $11 {keeps the balance.}) (13... Rfe8 14. Ng5 h6 15. Nxe6 Qxe6 16. Qf3 Nd5 17. d4 Qf6 {½-½ (30) Nevednichy,V (2604)-Sreeves,C (2251) London 2013}) 14. Nc4 $1 $16 (14. Nxe5 $2 Nxe5 15. d4 Ng6 $19) 14... Nd7 15. b4 b5 {With the idea ...e4.} 16. Ne3 (16. Ncxe5 Ndxe5 17. Nxe5 Rfe8 $11) 16... Bxe3 17. Bxe3 Nf6 18. Ng5 {Strongly threatening Bc5.} h6 19. Ne4 Nxe4 20. dxe4 Qe6 21. Bc5 Rfe8 22. a4 Ne7 23. axb5 axb5 24. Qxb5 Ng6 25. Be3 Nh4 (25... Nf4 $16) 26. Qf1 $18 Qg6 27. Kh1 (27. Kh2 $18) 27... Rd6 28. Red1 (28. b5 $18) 28... Rxd1 $14 29. Rxd1 {Black must now prevent f3.} Ba6 $1 {[%cal Ra6f1]} 30. Qg1 Qc6 31. Bc5 Be2 32. Rd5 (32. Re1 $16 Bc4 33. f3) 32... Qg6 (32... Qe6 $11) 33. Be3 (33. f4 $16 {Hoping for Bf2.} Bc4 34. Rxe5 Rxe5 35. fxe5) 33... Ra8 $11 {Threatens to win with ...Ra1!} 34. Ra5 (34. Rxe5 $2 {[#]} Ra1 $1 {[%mdl 512]} 35. Bg5 Rxg1+ 36. Kxg1 hxg5 $19) 34... Rd8 (34... Rxa5 $11 35. bxa5 Qa6) 35. Ra1 ({But not} 35. Rxe5 Bf3 36. gxf3 Qxg1+ 37. Kxg1 Nxf3+ 38. Kg2 Nxe5 $15) ({White should try} 35. f3 $1 $14 Bd1 36. Qf2 (36. Bxd1 $2 Rxd1 37. Ra2 Rxg1+ $19) (36. Bb1 $2 Bxf3 37. Ra2 Rd1 38. Qxd1 Bxd1 $19) 36... Nxg2 37. Qxg2 Qxg2+ 38. Kxg2 Bxc2 39. Rxe5) 35... Qc6 {The position is equal.} 36. Qe1 Qg6 {[%csl Gh4][%cal Rg6g2]} 37. Qg1 Qc6 38. Qe1 Qg6 {[%csl Gh4][%cal Rg6g2]} 39. Qg1 Qc6 1/2-1/2

[Event "32nd Reykjavik Open 2017"]
[Site "Reykjavik"]
[Date "2017.04.24"]
[Round "7"]
[White "Hambleton, Aman"]
[Black "Ramirez, Alejandro"]
[Result "1-0"]
[WhiteElo "2434"]
[BlackElo "2555"]
[Annotator "TA"]
[PlyCount "115"]
[EventDate "2017.??.??"]
[EventType "swiss"]
[EventCountry "ISL"]
[SourceTitle "playchess.com"]
[Source "ChessBase"]
[SourceQuality "1"]

{[%evp 14,115,28,29,63,65,72,72,67,54,67,27,38,11,49,-2,0,0,0,0,21,6,0,18,20,0,20,15,9,-41,0,0,2,0,-2,-14,0,29,43,35,182,184,175,154,152,151,154,151,150,139,136,137,145,145,260,228,223,220,214,212,397,383,435,379,413,267,257,232,266,259,280,218,226,218,243,212,258,191,270,264,242,114,216,137,377,375,294,277,394,351,29974,29975,29980,29981,29981,29982,29981,29983,29983,29984,29984,29985,29986,29986]} 1. d4 d6 2. e4 g6 3. c4 Bg7 4. Nc3 Nc6 5. Be3 e5 6. d5 Nce7 7. Bd3 f5 8. f3 Bh6 {A42: Modern Defence: Averbakh Variation} (8... h5 9. Nge2 Bh6 10. Qd2 Bxe3 11. Qxe3 f4 12. Qf2 g5 13. g3 Ng6 14. O-O-O Bd7 15. Rdg1 Qf6 16. h4 {1-0 (32) Tomashevsky,E (2714)-Inarkiev,E (2688) Sochi 2014}) 9. Bxh6 Nxh6 10. Qd2 f4 {White is better.} 11. Nge2 {[%cal Bg1e2,Be2c1,Bc1b3,Bb3c5,Bc5d3][%mdl 32]} g5 $146 (11... Nf7 12. O-O h5 13. Nc1 g5 14. Be2 Ng6 15. Nd3 g4 16. c5 {0-1 (29) Blumenstingl,J-Berger,S (2075) Germany 1997}) 12. h3 Ng6 13. Nc1 Nf7 14. b4 ({White should try} 14. Bc2 $14) 14... a5 $11 15. bxa5 Rxa5 16. c5 dxc5 17. Nb3 Ra8 18. Nxc5 O-O 19. Bc4 Nd6 20. Bb3 Qe7 21. O-O-O Rf7 22. Kb1 $36 {[%mdl 2048] White has the initiative.} b6 23. Nd3 Bd7 24. Rc1 h5 25. Nd1 {[%cal Bc3d1,Bd1f2,Bf2g4,Bg4h6,Bh6f5][%mdl 32]} Bb5 26. Nb4 g4 ({Black should play} 26... Kh7 $14) 27. hxg4 $18 hxg4 28. Nf2 g3 {[#]} 29. Ng4 $1 {[%cal Rg4h6] Hoping for Nh6+.} Rh7 30. Nh6+ (30. Rxh7 $6 Kxh7 31. Qc3 Rc8 $14) 30... Kg7 31. Nf5+ Nxf5 32. Rxh7+ (32. exf5 Rxh1 33. Rxh1 Rh8 $16) 32... Kxh7 33. exf5 Nh4 {[#]} (33... Nf8 $16) 34. d6 $1 {[%mdl 512]} Qxd6 (34... cxd6 35. Qd5) 35. Qxd6 cxd6 36. Rh1 Kg7 $2 (36... Kh6 {keeps fighting.}) 37. Rxh4 Bf1 38. Nd5 Bd3+ (38... Bxg2 39. Rg4+ (39. Nxb6 $2 Bxf3 40. f6+ Kxf6 $19) 39... Kf8 40. Nxb6 Bxf3 41. Rg8+ Ke7 42. Nxa8 $18) 39. Kc1 {aiming for f6+.} Bxf5 40. Kd2 b5 41. Rh1 Ra7 42. Nc3 Ra5 43. Ne4 Ra7 44. Ke2 Bxe4 45. fxe4 {[%mdl 4096] Endgame KRB-KR} Rc7 (45... Kg6 $142 46. Rd1 Ra6) 46. Rd1 Rc3 47. Kd2 (47. Rxd6 $18 {and White stays clearly on top. And now Kd2 would win.} Re3+ 48. Kd2) 47... b4 (47... Rc6 $16 48. Rb1 Rc5) 48. Rb1 {a3! is the strong threat.} Kf6 $2 {[#]} (48... Rc7 $16 {might work better.} 49. Bd5 Kf6 50. Rxb4 Rh7) 49. a3 $1 Re3 (49... bxa3 50. Kxc3) 50. a4 d5 (50... Rc3 $142 51. a5 f3) 51. Bxd5 Ra3 $2 {[#]} (51... Kg5 $18 52. Bb3 (52. Rxb4 Ra3 $18) 52... Rc3) 52. Bb3 $1 {White mates.} Kg5 53. Kd3 f3 54. gxf3 Kf4 55. Kc4 Kxf3 56. Kxb4 Rxa4+ 57. Bxa4 Kxe4 58. Bc6+ 1-0

[Event "32nd Reykjavik Open 2017"]
[Site "Reykjavik"]
[Date "2017.04.24"]
[Round "7"]
[White "Sundararajan, Kidambi"]
[Black "Ziska, Helgi Dam"]
[Result "1/2-1/2"]
[WhiteElo "2422"]
[BlackElo "2553"]
[Annotator "TA"]
[PlyCount "64"]
[EventDate "2017.??.??"]
[EventType "swiss"]
[EventCountry "ISL"]
[SourceTitle "playchess.com"]
[Source "ChessBase"]
[SourceQuality "1"]

{[%evp 14,64,50,28,37,55,52,49,58,21,31,13,6,10,12,0,0,-7,-12,-18,-10,-31,-32,-31,-27,-47,-44,-49,-44,-57,-51,-58,-54,-47,-40,-56,-51,-51,-52,-54,-56,-52,-49,-53,-47,-100,-102,-99,-83,-103,-94,-89,-21]} 1. Nf3 Nf6 2. g3 g6 3. b3 Bg7 4. Bb2 O-O 5. Bg2 d6 6. d4 e5 7. dxe5 Ng4 8. O-O Nxe5 {A49: 1 d4 Nf6 2 Nf3 g6 3 g3: Anti-King's Indian systems} 9. Nxe5 dxe5 10. Nc3 Nc6 {White is slightly better.} 11. Qxd8 Rxd8 12. Nd5 Bh3 {[#] Strongly threatening ...Bxg2.} (12... Bg4 13. e3 Rac8 14. h3 Bf5 15. c4 Bd3 16. Rfd1 e4 17. Bf6 {1-0 (54) Fressinet,L (2672)-Tissir,M (2376) Doha 2016}) 13. c4 $146 (13. e4 Bxg2 14. Kxg2 Nd4 15. c3 Ne6 16. Rad1 c6 17. Ne3 Nc5 18. Kf3 b5 19. Rxd8+ Rxd8 20. Rd1 Rxd1 21. Nxd1 {½-½ (21) Filipovich,D (2248)-Esserman,M Philadelphia 2000}) 13... Bxg2 $1 14. Kxg2 Rd7 15. Rfd1 Rad8 16. Rd2 e4 17. Rad1 {Black must now prevent Ne7+!} (17. Kf1 $5 {with more complications.} Kh8 18. Ke1 Ne7 19. Bxg7+ Kxg7 20. Rad1) 17... Bxb2 18. Rxb2 Kg7 19. Rc1 Ne5 20. Kf1 f5 21. Ke1 g5 22. Nc3 h5 23. Rd1 Kf7 24. Rbb1 Ke6 25. Rxd7 Rxd7 26. Rd1 Rxd1+ 27. Nxd1 $15 {[%mdl 4096] Endgame KN-KN} c6 {[%cal Bc7c6,Bc6b5][%mdl 32]} 28. Nc3 Kd6 29. h3 {[#]} (29. Nd1 $15) 29... Kc5 $1 $17 {Black is better.} 30. a3 b5 31. cxb5 cxb5 32. Kd2 a6 (32... h4 $17 {aiming for ...g4.} 33. g4 fxg4 34. Nxe4+ Kb6 35. Nxg5 Nf7) 1/2-1/2

[Event "32nd Reykjavik Open 2017"]
[Site "Reykjavik"]
[Date "2017.04.24"]
[Round "7"]
[White "Ahlander, Bjorn"]
[Black "Hjartarson, Johann"]
[Result "0-1"]
[WhiteElo "2416"]
[BlackElo "2536"]
[Annotator "TA"]
[PlyCount "96"]
[EventDate "2017.??.??"]
[EventType "swiss"]
[EventCountry "ISL"]
[SourceTitle "playchess.com"]
[Source "ChessBase"]
[SourceQuality "1"]

{[%evp 26,96,12,16,24,-10,-26,-64,-62,-75,-64,-65,-57,-65,37,43,32,-43,-34,-57,-6,-220,-210,-216,-216,-213,-88,-142,-140,-197,-139,-114,-118,-124,-138,-143,-140,-125,-134,-179,-116,-185,-186,-182,-177,-183,-13,-462,-443,-483,-475,-644,-648,-712,-679,-716,-670,-894,-879,-956,-956,-1208,-1198,-1046,-1060,-4934,-4730,-4926,-4926,-4922,-4922,-4586,-4594]} 1. d4 f5 2. Nf3 Nf6 3. g3 g6 4. Bg2 Bg7 5. O-O O-O 6. c4 d6 7. Nc3 Qe8 8. b3 e5 9. dxe5 dxe5 10. e4 Nc6 11. Nd5 Qd7 12. Ba3 Re8 {A87: Dutch Defence: Leningrad System: 5 Nf3} 13. exf5 e4 14. Ng5 {[%cal Bf3g5,Bg5h3,Bh3f4][%mdl 32] LiveBook: 4 Games} Qxf5 {The position is equal.} 15. h4 h6 $146 {[%cal Rh6g5]} (15... Nxd5 $6 16. cxd5 Nd4 17. Rc1 $16) (15... Nxd5 16. cxd5 Nd4 17. Re1 Nb5 18. Bb4 e3 19. Rxe3 Rxe3 20. fxe3 {1-0 (41) Steingrimsson,H (2532)-Kjartansson,G (2474) Reykjavik 2015}) 16. Nh3 Nxd5 17. cxd5 Bxa1 18. Qxa1 Ne5 19. Qc1 Nf7 (19... Nd3 $15 20. Qxh6 Qh5) 20. Nf4 $14 g5 21. hxg5 (21. Bh3 $1 $14 Qf6 22. Bb2 (22. Ne6 c6 $11)) 21... hxg5 $15 22. Ne2 Qg6 (22... b6 $15) 23. Qxc7 $2 (23. Nd4 $11) 23... Qa6 $1 $19 {[%csl LRa3,LRe2] And now ...Bg4 would win.} 24. d6 Bg4 $1 {[%cal Rg4e2]} (24... Qxa3 25. d7 Bxd7 26. Qxd7) 25. f3 {[#]} Bh5 (25... Qxa3 26. fxg4 Rf8 27. Bxe4 $14) (25... Rac8 $1 $19 {[%cal Rc8c7] is more deadly.} 26. d7 Bxd7 27. Qxd7 Qxa3 28. fxe4 Qc5+ 29. Nd4 Re7) 26. d7 {[#]} ({White should try} 26. Bb2 Qxd6 27. Qxd6 Nxd6 28. g4) 26... Red8 $1 $17 {Threatens to win with ...exf3.} 27. Bb2 (27. g4 $17 Bg6 28. Bb2 Qb6+ 29. Qxb6 axb6 30. Nc3 (30. fxe4 $2 Rxa2 31. Rb1 Rxd7 $17)) 27... Qb6+ (27... Qxe2 $2 28. Qc3 Kf8 29. Qc5+ Kg8 30. Qd4 Qxb2 31. Qxb2 Rxd7 32. Bh3 $18) (27... exf3 $19 28. Qc3 Qg6 29. Bxf3 Bxf3 30. Qxf3 Rxd7) 28. Qxb6 axb6 29. g4 Bg6 ({But not} 29... Rxa2 30. Bf6 Rxd7 31. Nc3 Rxg2+ 32. Kxg2 exf3+ 33. Kg3 $11 (33. Kxf3 Bg6 $15)) 30. Nc3 Rxd7 31. fxe4 Rd2 32. Ba1 {[#]} b5 $1 {[%mdl 512]} (32... Ne5 $19 33. Rf2 Rxf2 34. Kxf2 Bf7) 33. a4 ({Don't go for} 33. Rf2 $2 Rxf2 34. Kxf2 b4 $19) (33. Bh1 $17) (33. Nxb5 Raxa2) 33... b4 $19 34. Nb5 Re8 35. e5 Nxe5 $2 ({Better is} 35... Bc2 $19 36. Nd4 Bd3) 36. Bd4 $2 {[%mdl 8192]} (36. Nc7 $11 Re7 37. Nd5 Rxg2+ 38. Kxg2 Be4+ 39. Kg3 Bxd5 40. Rf5) 36... Nc6 {Black is clearly winning.} 37. Bc5 Be4 38. Bxe4 Rxe4 39. Rf2 Rxg4+ 40. Kf1 Rd3 41. Ke2 Rxb3 42. Rf8+ Kg7 43. Nc7 Re4+ 44. Kd2 {[#]} b6 $1 45. Re8 (45. Bxb6 Kxf8) 45... Rxe8 46. Nxe8+ Kf7 47. Nd6+ Ke6 48. Nb7 Ne5 0-1